European Flag-Spapes - Statistics

General Stats
  • This quiz has been taken 10 times
  • The average score is 41 of 46
Answer Stats
Picture Answer % Correct
Austria
100%
Belarus
100%
Belgium
100%
Bulgaria
100%
Croatia
100%
Czech Republic
100%
Denmark
100%
Finland
100%
France
100%
Germany
100%
Greece
100%
Ireland
100%
Italy
100%
Netherlands
100%
Norway
100%
Poland
100%
Portugal
100%
Russia
100%
Slovakia
100%
Spain
100%
Sweden
100%
Switzerland
100%
UK
100%
Ukraine
100%
Albania
89%
Hungary
89%
Romania
89%
Serbia
89%
Slovenia
89%
Andorra
78%
Cyprus
78%
Estonia
78%
Iceland
78%
Kosovo
78%
Latvia
78%
Lithuania
78%
Luxembourg
78%
Malta
78%
Moldova
78%
Monaco
78%
Montenegro
78%
North Macedonia
78%
Liechtenstein
67%
San Marino
67%
Vatican City
67%
Bosnia and Herezgovina
22%
No matching quizzes found
Score Distribution
Percent of People with Each Score
Percentile by Number Answered
Your Score History
You have not taken this quiz